Catálogo

LEARNING OPENCV (Registro nro. 53094)

Detalles MARC
000 -LEADER
fixed length control field 00901nam a2200205 a 4500
001 - CONTROL NUMBER
control field 53094
005 - DATE AND TIME OF LATEST TRANSACTION
control field 20180714043214.0
008 - FIXED-LENGTH DATA ELEMENTS--GENERAL INFORMATION
fixed length control field 140415s2008 xxu 000 0 eng d
020 ## - INTERNATIONAL STANDARD BOOK NUMBER
International Standard Book Number 9780596516130
041 ## - LANGUAGE CODE
Language code of text/sound track or separate title eng
082 ## - DEWEY DECIMAL CLASSIFICATION NUMBER
Classification number 006.6
Item number BRA
100 1# - MAIN ENTRY--PERSONAL NAME
Personal name BRADSKI, GARY
245 10 - TITLE STATEMENT
Title LEARNING OPENCV
250 ## - EDITION STATEMENT
Edition statement 1a ed.
260 ## - PUBLICATION, DISTRIBUTION, ETC.
Place of publication, distribution, etc. ESTADOS UNIDOS DE AMERICA :
Name of publisher, distributor, etc. OREILLY AND ASSOCIATES, INC.,
Date of publication, distribution, etc. 2008
300 ## - PHYSICAL DESCRIPTION
Extent 599
Dimensions 17.8 x 2.8 x 23.3
520 ## - SUMMARY, ETC.
Summary, etc. LEARNING OPENCV PUTS YOU IN THE MADDLE OF THE RAPIDLY EXPANDING FIELD OF COMPUTER VISION. WRITTEN BY CREATORS OF THE FREE, OPEN SOURCE OPENCV LIBRARY, THIS BOOK INTRODUCES YOU TO COMPUTER VISION AND DEMOSTRATES HOW YOU CAN QUICKLY BUILD APPLICATIONS THAT ENABLE COMPUTERS TO SEE AND MAKE DESICIONS BASED ON THE DATA RHEY ACQUIRE.
650 14 - SUBJECT ADDED ENTRY--TOPICAL TERM
Topical term or geographic name entry element GRAFICOS POR COMPUTADOR
General subdivision IMAGEN DIGITAL
700 1# - ADDED ENTRY--PERSONAL NAME
Personal name KAEHLER, ADRIAN
Relator term coaut.
Existencias
Withdrawn status Lost status Source of classification or shelving scheme Damaged status Not for loan Collection code Home library Current library Shelving location Date acquired Source of acquisition Total Checkouts Full call number Barcode Checked out Date last seen Date last checked out Price effective from Koha item type
    Dewey Decimal Classification     General Biblioteca Karol Wojtyla Biblioteca Karol Wojtyla Sala general 03/12/2013 Compra 1 '006.6 BRA 78960 05/02/2010 05/02/2010 05/02/2010 20/03/2015 Libro